Best selling sodas of all time - Statistics

General Stats
  • This quiz has been taken 136 times
  • The average score is 11 of 25
Answer Stats
Hint Answer % Correct
Cola Coca-Cola
99%
Cola Pepsi
98%
Fruit Fanta
96%
Citrus Sprite
90%
Cola Dr. Pepper
88%
Diet Diet Coke
84%
Diet Diet Pepsi
72%
Citrus Mountain Dew
64%
Root Beer A&W
59%
Citrus 7UP
55%
Diet Coke Zero
48%
Root Beer Barq’s
42%
Fruit Crush
42%
Orange Sunkist
38%
Cola Cherry Coke
33%
Cola RC Cola
26%
Ginger Ale Schweppes
18%
Citrus Fresca
11%
Diet Tab
10%
Cream Soda Big Red
7%
Citrus Mello Yello
7%
Fruit Mirinda
4%
Citrus Sun Drop
2%
Fruit Crush Grape
1%
Cola Jolt Cola
1%
No matching quizzes found
Score Distribution
Percent of People with Each Score
Percentile by Number Answered
Your Score History
You have not taken this quiz